[Event "4NCL Division 1a"]
[Site "De Vere, Sunningdale ENG"]
[Date "2012.11.03"]
[Round "1.117"]
[White "Trent, Lawrence"]
[Black "Wadsworth, James"]
[Result "1-0"]
[WhiteElo "2429"]
[BlackElo "1666"]
[PlyCount "43"]
[EventDate "2012.11.03"]
[WhiteTeam "Wood Green Hilsmark 1"]
[BlackTeam "BCM Dragons"]

1. e4 e5 2. Nf3 Nc6 3. Bc4 Bc5 4. O-O Nf6 5. d4 Bxd4 6. Nxd4 Nxd4 7. f4 Nc6 8.
Nc3 d6 9. f5 Qe7 10. Bg5 Na5 11. Bd3 b6 12. b4 Nb7 13. Nd5 Qd8 14. Bb5+ Kf8 15.
Qe1 Bd7 16. Qh4 Bxb5 17. Nxf6 Bxf1 18. Rxf1 c5 19. Nd5 Qd7 20. f6 g6 21. Qh6+
Ke8 22. Qg7 1-0

[Event "4NCL Division 1a"]
[Site "De Vere, Sunningdale ENG"]
[Date "2012.11.03"]
[Round "1.121"]
[White "Zhou, Yang-Fan"]
[Black "Slavin, Alexei"]
[Result "1-0"]
[WhiteElo "2414"]
[BlackElo "2409"]
[PlyCount "133"]
[EventDate "2012.11.03"]
[WhiteTeam "Guildford 2"]
[BlackTeam "e2e4.org.uk 1"]

1. e4 c5 2. Nf3 g6 3. d4 cxd4 4. Nxd4 Nc6 5. c4 Nf6 6. Nc3 d6 7. Nc2 Bg7 8. Be2
O-O 9. O-O b6 10. Bg5 Bb7 11. Qd2 Ne5 12. f3 Qc7 13. b3 Rfc8 14. Rac1 Ned7 15.
Ne3 Qc5 16. Ncd5 Nxd5 17. exd5 Qd4 18. Rcd1 Qxd2 19. Rxd2 Bc3 20. Rdd1 Bf6 21.
Bxf6 Nxf6 22. Rf2 a6 23. Bf1 Rc7 24. Rfd2 Bc8 25. Nc2 b5 26. cxb5 axb5 27. Nb4
Rc5 28. g3 Bb7 29. Kf2 Kf8 30. h3 Ne8 31. Rd4 Nc7 32. f4 Ra3 33. R1d2 Ke8 34.
Be2 Kd8 35. h4 Na6 36. Nxa6 Bxa6 37. Rb4 Rc1 38. Bxb5 Bxb5 39. Rxb5 Ra1 40.
Rb8+ Kd7 41. Rb7+ Kd8 42. Ke3 R3xa2 43. Rb8+ Kc7 44. Rxa2 Rxa2 45. Rh8 h5 46.
Rh7 Rb2 47. Rxf7 Rxb3+ 48. Kf2 Rb2+ 49. Kf3 Rb3+ 50. Kg2 Rb2+ 51. Kh3 Kd7 52.
f5 gxf5 53. Rxf5 Ke8 54. Rxh5 Kf7 55. Kg4 Rb4+ 56. Kf5 Rd4 57. Rh7+ Ke8 58. g4
Rxd5+ 59. Kg6 Rd1 60. h5 d5 61. h6 d4 62. Rh8+ Kd7 63. h7 d3 64. Ra8 Rh1 65.
h8=Q Rxh8 66. Rxh8 d2 67. Rh1 1-0

[Event "4NCL Division 1a"]
[Site "De Vere, Sunningdale ENG"]
[Date "2012.11.04"]
[Round "2.122"]
[White "Parker, Jonathan F"]
[Black "Arkell, Keith CC"]
[Result "1-0"]
[WhiteElo "2525"]
[BlackElo "2456"]
[PlyCount "63"]
[EventDate "2012.11.04"]
[WhiteTeam "Barbican 4NCL 1"]
[BlackTeam "Cheddleton 1"]

1. d4 e6 2. c4 Bb4+ 3. Nc3 c5 4. e3 f5 5. Nge2 cxd4 6. exd4 Nf6 7. a3 Be7 8. d5
Ng4 9. h3 Ne5 10. Nd4 O-O 11. Be2 Ng6 12. Ndb5 a6 13. d6 Bg5 14. Nc7 Ra7 15. c5
Nc6 16. O-O Bxc1 17. Qxc1 Nd4 18. f4 b6 19. cxb6 Rb7 20. Qe3 Qf6 21. Rad1 Nxe2+
22. Nxe2 Rb8 23. b4 Bb7 24. Rf2 e5 25. a4 exf4 26. Nxf4 Nxf4 27. Qxf4 Qc3 28.
a5 Rf6 29. Qd4 Qg3 30. Nd5 Rxd6 31. Ne7+ Kf7 32. Nxf5 1-0

[Event "4NCL Division 1a"]
[Site "De Vere, Sunningdale ENG"]
[Date "2012.11.04"]
[Round "2.127"]
[White "Bellin, Robert"]
[Black "Franklin, Samuel GA"]
[Result "0-1"]
[WhiteElo "2355"]
[BlackElo "2281"]
[PlyCount "88"]
[EventDate "2012.11.04"]
[WhiteTeam "Cheddleton 1"]
[BlackTeam "Barbican 4NCL 1"]

1. e4 e5 2. Nf3 Nc6 3. Bb5 a6 4. Ba4 Nf6 5. O-O b5 6. Bb3 Bc5 7. c3 d6 8. d3 h6
9. Nbd2 O-O 10. Re1 Bb6 11. Nf1 Ne7 12. Ng3 Ng6 13. h3 Re8 14. Nh2 c5 15. Qf3
Nh4 16. Qd1 Be6 17. Ng4 Qe7 18. Ne3 Kh7 19. Rf1 Bxb3 20. axb3 Qe6 21. Nh5 Bd8
22. Nxf6+ Bxf6 23. Nd5 Ra7 24. Qh5 Ng6 25. Be3 Ne7 26. Nxf6+ Qxf6 27. f4 exf4
28. Rxf4 Qg6 29. Qf3 Nc6 30. b4 Ne5 31. Qe2 Nd7 32. Raf1 f6 33. Rf5 Rc7 34.
bxc5 dxc5 35. Qc2 Ne5 36. Qb1 c4 37. d4 Nd3 38. e5 fxe5 39. dxe5 Rxe5 40. Rxe5
Nxe5 41. Bf4 Re7 42. Bxe5 Rxe5 43. Qxg6+ Kxg6 44. Ra1 Re2 0-1

[Event "4NCL Division 1b"]
[Site "De Vere, Sunningdale ENG"]
[Date "2012.11.04"]
[Round "2.151"]
[White "Jones, Gawain CB"]
[Black "Dorrington, Chris J"]
[Result "1-0"]
[WhiteElo "2641"]
[BlackElo "2307"]
[PlyCount "71"]
[EventDate "2012.11.04"]
[WhiteTeam "Guildford 1"]
[BlackTeam "Barbican 4NCL 2"]

1. d4 Nf6 2. c4 e6 3. Nc3 Bb4 4. Qc2 d5 5. cxd5 exd5 6. Bg5 h6 7. Bh4 Nbd7 8.
e3 O-O 9. Bd3 c5 10. dxc5 Nxc5 11. Nge2 Be6 12. O-O Rc8 13. Rad1 Qe7 14. Bh7+
Kh8 15. Bf5 g5 16. Bg3 Nce4 17. Bxe4 Nxe4 18. Be5+ f6 19. Bd4 a6 20. f3 Nxc3
21. Nxc3 Kg7 22. f4 b5 23. fxg5 hxg5 24. Rf5 Kh6 25. Rf2 Bxc3 26. bxc3 Rc6 27.
Rdf1 Bc8 28. Qb3 Qd8 29. a4 bxa4 30. Qxa4 Re6 31. Rf3 Rf7 32. Rh3+ Kg7 33. Rf5
Kg6 34. Qd1 Re4 35. Rxg5+ fxg5 36. Qh5+ 1-0

[Event "4NCL Division 1b"]
[Site "De Vere, Sunningdale ENG"]
[Date "2012.11.04"]
[Round "2.182"]
[White "McDonald, Neil R"]
[Black "Cooper, John G"]
[Result "1/2-1/2"]
[WhiteElo "2454"]
[BlackElo "2343"]
[PlyCount "121"]
[EventDate "2012.11.04"]
[WhiteTeam "Wood Green Hilsmark 2"]
[BlackTeam "South Wales Dragons"]

1. e4 e6 2. d4 d5 3. Nd2 c5 4. exd5 exd5 5. Ngf3 Nc6 6. Bb5 Bd6 7. O-O Nge7 8.
dxc5 Bxc5 9. Nb3 Bd6 10. Re1 O-O 11. h3 h6 12. Be3 Nf5 13. Bc5 Bxc5 14. Nxc5
Qb6 15. Bxc6 bxc6 16. Na4 Qc7 17. Nd4 Nd6 18. Nc5 Qb6 19. Ndb3 Bf5 20. Qf3 Rfe8
21. Qf4 Ne4 22. Na4 Qa6 23. Qxf5 Qxa4 24. Qd7 Qc4 25. c3 c5 26. Rad1 Nf6 27.
Qc6 Rec8 28. Qd6 a5 29. Re3 a4 30. Nc1 Rd8 31. Qg3 Re8 32. Rxe8+ Rxe8 33. Qd3
Qxd3 34. Nxd3 c4 35. Nf4 Rd8 36. Rd2 g5 37. Ne2 a3 38. bxa3 Ra8 39. f3 Rxa3 40.
Kf2 Kf8 41. Ke3 Ke7 42. Kd4 Ke6 43. Kc5 Nd7+ 44. Kb4 Ra8 45. Nd4+ Kd6 46. Nf5+
Ke6 47. Nxh6 Rb8+ 48. Ka3 Nc5 49. Re2+ Kd7 50. Nxf7 Ra8+ 51. Kb2 Nd3+ 52. Kb1
Ra3 53. Ne5+ Kd6 54. Nxd3 cxd3 55. Rd2 Rxc3 56. Kb2 d4 57. g3 Kd5 58. Rh2 Rc8
59. a4 Kc4 60. a5 Ra8 61. h4 1/2-1/2

[Event "4NCL Division 1a"]
[Site "Puma Hotel, Hinckley Island EN"]
[Date "2013.03.23"]
[Round "7.113"]
[White "Murphy, Hugh W"]
[Black "Pert, Nicholas"]
[Result "0-1"]
[WhiteElo "2153"]
[BlackElo "2539"]
[PlyCount "56"]
[EventDate "2013.03.23"]
[WhiteTeam "Sambuca Sharks"]
[BlackTeam "Wood Green Hilsmark 1"]

1. e4 e6 2. d4 d5 3. exd5 exd5 4. Nf3 Nc6 5. Bb5 Bd6 6. c4 dxc4 7. O-O Nge7 8.
Bxc4 O-O 9. h3 Bf5 10. Nc3 Ng6 11. Re1 h6 12. Be3 a6 13. g4 Bd7 14. Ne4 Bb4 15.
Bd2 Bxd2 16. Qxd2 Nh4 17. Nxh4 Qxh4 18. Re3 Rad8 19. Qc3 Be6 20. Rd1 Bxg4 21.
Rde1 Bh5 22. d5 Ne7 23. Ng3 Nxd5 24. Qe5 Nxe3 25. Nxh5 Nf5 26. Be2 Qg5+ 27. Kh1
Rde8 28. Qc3 Rxe2 0-1

[Event "4NCL Division 1b"]
[Site "Puma Hotel, Hinckley Island EN"]
[Date "2013.03.23"]
[Round "7.183"]
[White "Griffiths, Ryan Rhys"]
[Black "Greet, Andrew N"]
[Result "1-0"]
[WhiteElo "2353"]
[BlackElo "2438"]
[PlyCount "55"]
[EventDate "2013.03.23"]
[WhiteTeam "Barbican 4NCL 2"]
[BlackTeam "Wood Green Hilsmark 2"]

1. d4 Nf6 2. c4 e6 3. Nc3 Bb4 4. e3 d5 5. cxd5 exd5 6. Bd3 O-O 7. Nge2 Re8 8.
Bd2 c5 9. a3 Bxc3 10. bxc3 Ne4 11. Ng3 Nc6 12. O-O Nxg3 13. hxg3 Be6 14. Qb1 h6
15. Qxb7 Na5 16. Qb1 Rb8 17. Qd1 c4 18. Bc2 Rb2 19. Bc1 Rb3 20. Re1 Qd7 21. e4
dxe4 22. Rxe4 Bd5 23. Qg4 Re6 24. Bxh6 g6 25. Rxe6 Qxe6 26. Qd1 Be4 27. d5 Qf5
28. Qd4 1-0

[Event "4NCL Division 1c"]
[Site "Puma Hotel, Hinckley Island EN"]
[Date "2013.03.24"]
[Round "8.137"]
[White "Griffiths, Ryan Rhys"]
[Black "Coleman, David J"]
[Result "1/2-1/2"]
[WhiteElo "2353"]
[BlackElo "2269"]
[PlyCount "62"]
[EventDate "2013.03.24"]
[WhiteTeam "Barbican 4NCL 1"]
[BlackTeam "Barbican 4NCL 2"]

1. d4 Nf6 2. c4 Nc6 3. Nc3 e5 4. d5 Ne7 5. Nf3 Ng6 6. h4 h5 7. Bg5 d6 8. Qc2
Be7 9. e3 Nf8 10. c5 a6 11. Qa4+ N6d7 12. cxd6 cxd6 13. Bxe7 Qxe7 14. Rc1 Nh7
15. Bd3 Nhf6 16. Ng5 O-O 17. b4 Rb8 18. O-O b5 19. Qb3 Nb6 20. Rc2 Bd7 21. Rfc1
Rfc8 22. e4 Nh7 23. Nxh7 Kxh7 24. g3 g6 25. Nd1 Rxc2 26. Qxc2 Rc8 27. Qd2 Qd8
28. Rc2 Rxc2 29. Qxc2 Kg7 30. Ne3 Qc8 31. Qxc8 Bxc8 1/2-1/2